Normal view
MARC view
- Gintis, Herbert
Entry Personal Name
001 - CONTROL NUMBER
- control field: 15310
003 - CONTROL NUMBER IDENTIFIER
- control field: OSt
005 - DATE AND TIME OF LATEST TRANSACTION
- control field: 20260205130718.0
008 - FIXED-LENGTH DATA ELEMENTS
- fixed length control field: 260205|| aca||aabn | a|a d
040 ## - CATALOGING SOURCE
- Original cataloging agency: OSt
- Transcribing agency: OSt
100 ## - HEADING--PERSONAL NAME
- Personal name: Gintis, Herbert
670 ## - SOURCE DATA FOUND
- Source citation: Work cat.: (OSt)6046: Bowles, Samuel. 15309, Democracy and capitalism :, c1986.